01007nam a2200241 a 450000100060000000300090000600800410001502000180005604000280007408200180010210000370012024501060015726000420026330000280030549000540033350000900038765000440047770000430052170000320056494200120059699900170060895201400062524328CO-ViMGA141112s2004 ck r 000 u spa d a9788498350272 aCO-ViMGAbspacCO-ViMGA04a615.825 B236t1 aPolonio López, Begoña93557210aTerapia ocupacional en la infancia : bteoría y práctica / cBegoña Polonio López [directora] aArgentina : bMédica PanAméricana aXX, 412p. : il. ; 24 cm aColección PanAméricana de terapia ocupacional aIncluye referencias bibliográficas e índice, Incluye instrumentos de evaluación14aTerapia ocupacional para niños9355731 aCastellanos Ortega, Maria Cruz 9355741 aViana Moldes, Inés935575 2ddccBK c32316d32316 00102ddc40708002aMEVIECARbMEVIECARd2015-12-04h25/jun/2012l0o615.825 B236t p25084r2015-12-04 00:00:00tEj. 1w2015-12-04yBK